01022nam a2200229 a 450000100080000000500110000800800410001910000170006024500750007726000320015230000100018452004370019465300240063165300150065565300110067070000170068170000170069870000170071570000180073270000240075070000180077411276782018-09-11 2017 bl uuuu u00u1 u #d1 aGIEHL, A. L. aBoletim Agropecu??rio - Dezembro/2017 - N?? 55.h[electronic resource] aFlorianopolis: Epagric2017 a53 p. aO Boletim Agropecu??rio re??ne, em um ??nico documento, as informa????es conjunturais dos principais produtos agropecu??rios do estado de Santa Catarina. O objetivo deste documento ?? apresentar de forma sucinta as principais informa????es conjunturais referentes ao desenvolvimento das safras, da produ????o e dos mercados para produtos selecionados. Para isso, o Boletim Agropecu??rio cont??m informa????es referentes aos ??ltimos aan??lise de mercado aconjuntura asafras1 aALVES, J. R.1 aGUGEL, J. T.1 aELIAS, H. T.1 aARAUJO, L. A.1 aGOULART J??NIOR, R.1 aMARCONDES, T.